Средства антикоррозийной защиты трубопроводов в условиях высокой обводненности; Нефтяное хозяйство; № 3

מידע ביבליוגרפי
Parent link:Нефтяное хозяйство: научно-технический производственный журнал.— , 1925-1940, 1946-.— 0028-2448
№ 3.— 2003.— С. 91-95
מחבר ראשי: Завьялов В. В.
מחברים אחרים: Андреева Н. Н.
שפה:רוסית
יצא לאור: 2003
סדרה:Транспорт и подготовка нефти
נושאים:
פורמט: Book Chapter
KOHA link:https://koha.lib.tpu.ru/cgi-bin/koha/opac-detail.pl?biblionumber=385583

MARC

LEADER 00000naa2a2200000 4500
001 385583
005 20231101063359.0
035 |a (RuTPU)RU\TPU\prd\13490 
090 |a 385583 
100 |a 20030508a2003 k y0rusy50 ca 
101 0 |a rus 
102 |a RU 
200 1 |a Средства антикоррозийной защиты трубопроводов в условиях высокой обводненности  |f В. В. Завьялов, Н. Н. Андреева 
225 1 |a Транспорт и подготовка нефти 
320 |a Библиогр.: 6 назв. 
461 1 |0 (RuTPU)RU\TPU\prd\1638  |x 0028-2448  |t Нефтяное хозяйство  |o научно-технический производственный журнал  |d 1925-1940, 1946- 
463 1 |0 (RuTPU)RU\TPU\prd\13359  |t № 3  |v С. 91-95  |d 2003 
610 1 |a антикоррозийная защита 
610 1 |a трубопроводы 
610 1 |a обводненность 
610 1 |a стальные трубы 
675 |a 622.692.4.076:620.197.6.002.34  |v 3 
700 1 |a Завьялов  |b В. В. 
701 1 |a Андреева  |b Н. Н. 
801 1 |a RU  |b 63413507  |c 20030508  |g PSBO 
801 2 |a RU  |b 63413507  |c 20131025  |g RCR 
942 |c BK